Les films avec Ryan Gosling - Statistiques

Statistiques générales
  • Ce quiz a été pris 143 fois
  • Le résultat moyen est 6 sur 22
Statistiques - réponses
Rôles Films % Correct
Un conducteur qui sert de chauffeur pour divers trafics et qui tombe amoureux de sa voisine Drive
89%
Dans ce film musical primé, un pianiste qui tombe amoureux d'une actrice La La Land
89%
Séducteur aux multiples conquêtes, il devient coach en séduction pour un homme fraîchement divorcé Crazy, Stupid, Love
56%
officier KD6-3.7 du LAPD Blade Runner 2049
54%
Un cascadeur à moto qui se sert de son savoir-faire pour faire des braquages The Place Beyond the Pines
49%
Un vieil homme qui lit à sa femme tous les jours l'histoire de leur propre histoire d'amour N'oublie jamais
48%
Un détective privé alcoolique qui fait équipe avec un spécialiste de l'agression physique The nice guy
42%
Un courtier qui fait équipe avec d'autres escrocs pour faire plier les banques The big Short
41%
À Bangok, un patron de club de boxe qui cherche à venger la mort de son frère Only God Forgives
23%
Neil Armstrong First Man : Le Premier Homme sur la Lune
20%
Un sergent du LAPD qui cherche à coffrer le parrain Cohen Gangster Squad
19%
Un procureur qui tente tout pour faire tomber un homme qui a tiré une balle dans la tête de sa femme La Faille
14%
L'adjoint d'un directeur de campagne politique, idéaliste et ambitieux Les Marches du pouvoir
14%
Un jeune homme timide qui est en couple avec une poupée Une fiancée pas comme les autres
14%
Un professeur de collège qui se fait attraper en train de fumer du crack dans les toilettes de l'établissement Half Nelson
12%
Un dépressif qui se rend chez un psy en lui expliquant qu'il va se suicider dans 3 jours Stay
12%
Un jeune skinhead néonazi qui est pourtant de confession juive Danny Balint
8%
Un élève riche et populaire qui décide avec un camarade de tuer gratuitement quelqu'un Calculs meurtriers
7%
Un élève joueur de football américain Le plus beau des combats
6%
Dans les années 1980, le parcours d'un schizophrène Love and Secrets
5%
Un jeune ado qui poignarde à mort un handicapé mental et qui finit dans une maison de redressement The United States of Leland
5%
Un jeune homme qui vient de perdre son père et rejoint une équipe de six-man football, un dérivé brutal de cette discipline sportive. The Slaughter Rule
3%
Aucun quiz correspondant
Distribution des résultats
% des personnes avec chaque résultat
Percentile par nombre de réponses
Votre historique - résultats
Vous n’avez pas pris ce quiz